000 00454pab a2200181 454500
008 180718b2011 xxu||||| |||| 00| 0 eng d
100 _aShea, Robert
245 _aGo for results rather than reorganization
260 _c2011
300 _ap.38-39.
362 _aSummer
650 _aAdministrative reform - United States
650 _aAdministrative reform
700 _aHebert Marc
773 _aPublic Manager
908 _aN
909 _a92465
999 _c92465
_d92465